000
00221nam a22000857a 4500
999
_c
11260
_d
11260
008
181207b ||||| |||| 00| 0 eng d
100
_a
Campfire
_9
7008
245
_a
Huckleberry Finn(Hindi)
260
_a
New Delhi
_b
Campfire
_c
2016